000 00691nam a2200301Ia 4500
005 20260401122209.0
008 008 250103s9999 xx 000 0 eng d
020 _a8186706011
037 _aTB
040 _aEDL
040 _beng
040 _cEDL
041 _2eng
041 _aeng
084 _a891.4393 HYD
084 _qEDL
100 _aHyder, Qurratulain
_91232478
245 0 _aSeason of Betrayals: Short Story and two Novells
245 0 _cHyder, Qurratulain
260 _aNew Delhi
260 _bKali for Women
260 _c1999
300 _a273p
942 _cTB
942 _h891.4393 HYD
999 _c1845561
_d1845561